| 000 | 00545nam a2200169 a 4500 | ||
|---|---|---|---|
| 001 | 000023001 | ||
| 005 | 20200930021926.0 | ||
| 008 | 101124s1926 fr a r 000 0 spa d | ||
| 040 |
_aDO-SdBNP _bspa _cBNPHU |
||
| 082 |
_axxxxx _bF825h |
||
| 100 | 1 |
_aFranco, Hernández _947319 |
|
| 245 | 1 | 3 |
_aEl hombre que había perdido su eje / _cHernández Franco ; prólogo E. Gascó Contell. |
| 260 |
_aParís : _bAgencia Mundial de Librería, _c1926. |
||
| 300 |
_a145 p. : _bil. ; _c20 cm. |
||
| 700 | 1 |
_aGascó Contell, E., _epról. _947320 |
|
| 049 | _aBNGR | ||
| 999 |
_c22498 _d22498 |
||